Sufragio original castellano en pro de la Inmaculada Concepción de María Santísima Señora nuestra,...

Detalles Bibliográficos
Formato: Libro
Publicado: Durango 1850
Materias:
Colección:Banco de datos
Acervo:Biblioteca del Ex Convento de Nuestra Señora de Guadalupe. Zacatecas
Tema general:Homilética
Notas:Buena. XXII, 3, 24 (6767). Encuadernada con 26 obras más.
LEADER 00718nam a22001810004500
035 |a 48652 
036 |a 9836 
245 1 0 |a Sufragio original castellano en pro de la Inmaculada Concepción de María Santísima Señora nuestra,... 
260 |a Durango  |b imp. M. González  |c 1850 
500 |a Buena. XXII, 3, 24 (6767). Encuadernada con 26 obras más. 
650 1 0 |a Homilética 
949 |a CRZ-CG 
959 |a Ex convento de Nuestra Señora de Guadalupe, Museo Regional de Zacatecas, Zacatecas  |b CCC4 
960 |a Convento de Nuestra Señora de Guadalupe, Zacatecas  |b DD87 
961 |a Franciscana  |b OF 
942 |c CRZ-CG 
943 |g Biblioteca del Ex Convento de Nuestra Señora de Guadalupe. Zacatecas 
999 |c 972779  |d 972779